[Event "Charlotte Open 2020"]
[Site "Charlotte"]
[Date "2020.01.03"]
[Round "3.14"]
[White "Yoo, Christopher Woojin"]
[Black "Paul, Justin"]
[Result "1-0"]
[WhiteElo "2456"]
[BlackElo "2270"]
[Annotator "TA"]
[PlyCount "45"]
[EventDate "2020.01.02"]
[EventType "swiss"]
[EventCountry "USA"]
[SourceTitle "playchess.com"]
[Source "ChessBase"]
[SourceQuality "1"]

{[%evp 9,61,28,52,53,50,25,31,28,34,29,32,14,34,8,10,0,35,35,27,11,90,0,50,52,50,52,34,35,45,33,45,50,105,97,103,104,120,99,106,105,119,79,135,101,204,144,397,298,489,506,509,510,1205,1191]} 1. e4 e5 2. Nf3 Nc6 3. Bb5 a6 $146 ({Predecessor:} 3... Nge7 4. c3 a6 5. Ba4 g6 6. d4 exd4 7. cxd4 b5 8. Bb3 {1-0 (44) Naiditsch,A (2708)-Le Roux,J (2569) Warsaw 2012}) 4. Ba4 b5 5. Bb3 g6 6. d4 {C70: Ruy Lopez: 3...a6 4 Ba4, Norwegian and Delayed Schliemann} exd4 7. c3 Bg7 8. cxd4 {White is slightly better.} Nge7 9. d5 Na5 10. Bd2 Nxb3 11. axb3 O-O 12. Bc3 c5 13. Bxg7 Kxg7 14. b4 d6 (14... cxb4 $11 {remains equal.} 15. Qd4+ Kg8) 15. Nc3 ({Better is} 15. bxc5 $16 {c6 is the strong threat.} dxc5 16. d6) 15... Bg4 16. bxc5 dxc5 17. h3 Bxf3 $1 18. Qxf3 f5 $1 19. O-O $36 {[%mdl 2048] Black is under pressure.} fxe4 20. Qxe4 {Hoping for Qe5+.} Nf5 ({Black should try} 20... Qd6 $14) 21. Qe5+ $16 Qf6 22. Qxf6+ Rxf6 23. Nxb5 {Played: Nc3-e4} 1-0

[Event "Charlotte Open 2020"]
[Site "Charlotte"]
[Date "2020.01.03"]
[Round "3.15"]
[White "Fedorowicz, John"]
[Black "Yanayt, Eugene"]
[Result "1/2-1/2"]
[WhiteElo "2430"]
[BlackElo "2216"]
[Annotator "TA"]
[PlyCount "44"]
[EventDate "2020.01.02"]
[EventType "swiss"]
[EventCountry "USA"]
[SourceTitle "playchess.com"]
[Source "ChessBase"]
[SourceQuality "1"]

{[%evp 16,44,34,28,43,20,38,18,13,0,27,27,25,27,27,27,20,33,25,26,27,21,25,23,29,29,32,29,32,19,17]} 1. d4 Nf6 2. c4 g6 3. Nf3 Bg7 4. g3 O-O 5. Bg2 d6 6. O-O Nc6 7. Nc3 e5 8. d5 Nb8 {[%cal Bc6b8,Bb8a6,Ba6c5,Bc5b3][%mdl 32]} 9. e4 a5 {E62: King's Indian: Fianchetto: 6...c6 and Panno Variation (6...Nc6) without ...a6} 10. Ne1 (10. h3 Na6 11. Be3 Nh5 12. Ne1 Qe8 13. Kh2 f5 14. Bf3 Nf6 15. Nd3 fxe4 16. Bxe4 b5 17. cxb5 Nxe4 18. Nxe4 Qxb5 19. Nc3 {0-1 (45) Lenderman,A (2640)-Xiong,J (2691) Philadelphia 2019}) 10... Na6 11. Nd3 Nd7 12. Be3 b6 13. a3 {[%cal Ba2a3,Ba3b4][%mdl 32]} Ndc5 14. Nxc5 $146 ({Predecessor:} 14. Rb1 Nxd3 15. Qxd3 Nc5 16. Qc2 a4 17. Bxc5 bxc5 18. Nxa4 {0-1 (32) Nester,I (2369)-Tymrakiewicz,R (2194) Raciborz 2019}) 14... Nxc5 15. b4 axb4 16. axb4 Rxa1 17. Qxa1 Nb3 $1 {[%cal Rb3a1]} 18. Qb2 Nd4 19. Ne2 {[%cal Re2d4]} Nxe2+ 20. Qxe2 f5 21. Ra1 f4 22. Bd2 h5 {Accuracy: White = 64%, Black = 75%.} 1/2-1/2

[Event "Charlotte Open 2020"]
[Site "Charlotte"]
[Date "2020.01.03"]
[Round "3.16"]
[White "Park, Evan"]
[Black "Tokhirjonova, Gulrukhbegim"]
[Result "0-1"]
[WhiteElo "2175"]
[BlackElo "2421"]
[Annotator "TA"]
[PlyCount "152"]
[EventDate "2020.01.02"]
[EventType "swiss"]
[EventCountry "USA"]
[SourceTitle "playchess.com"]
[Source "ChessBase"]
[SourceQuality "1"]

{[%evp 17,152,0,0,0,0,0,22,-5,0,-14,-27,-8,-8,-13,-32,-18,-27,-27,-31,-31,-34,-22,-18,-29,-31,-23,-24,-47,-21,-61,-68,-82,0,0,0,0,22,22,22,22,15,8,9,14,8,0,0,-17,0,-16,8,0,0,0,0,-50,-50,-47,-49,-70,-70,-70,-13,-20,-22,-19,-20,-19,0,0,16,14,11,9,22,24,145,56,60,80,72,0,0,0,0,-43,0,0,0,0,0,0,0,0,0,0,0,0,0,0,0,0,0,0,0,0,0,0,0,0,0,0,0,0,9,0,32,0,0,0,0,0,0,0,0,0,0,0,0,0,0,0,0,-12848,-12848,-12849,-12849]} 1. e4 e5 2. Nf3 Nc6 3. Bc4 Bc5 4. c3 Nf6 5. d4 exd4 6. e5 d5 7. Bb5 Ne4 8. cxd4 Bb6 9. Nc3 O-O 10. Be3 {C54: Giuoco Piano: 4 c3 Nf6, main lines with 5 d4 and 5 d3} Bg4 11. h3 Bh5 12. Qc2 {The position is equal.} Nxc3 13. Bxc6 (13. bxc3 f6 14. exf6 Qxf6 15. Be2 Na5 16. O-O Bxf3 17. Bxf3 c6 {½-½ (39) Dominguez Perez,L (2763)-Grischuk,A (2759) Khanty-Mansiysk 2019}) 13... Nxa2 14. Bxb7 $146 ({Predecessor:} 14. Rxa2 bxc6 15. Ng5 Bg6 16. Qxc6 f6 17. exf6 Rxf6 {1-0 (32) Stetsko,L (2181)-Kusenkova,N (2112) Minsk 2018}) 14... Nb4 15. Qb3 Rb8 16. Qxb4 Rxb7 17. Nd2 f6 18. exf6 Qxf6 19. O-O Rbb8 20. Nb3 Qg6 21. Qe7 Rf6 22. Qe5 Qf7 (22... Bf3 $5 23. Qh2 Re8 $15) 23. Nc5 Re8 24. Qg3 c6 (24... Bxc5 $1 $17 25. dxc5 a6) 25. Nd3 $11 Be2 26. Ne5 Qh5 27. Rfe1 Bb5 28. Qg4 Qxg4 29. hxg4 Rfe6 30. f4 a5 31. Rad1 a4 32. Bf2 Ba5 33. Re3 Rc8 34. f5 Ree8 35. g5 Bc7 36. g4 {[#]} c5 $1 {[%mdl 512] White must now prevent ...cxd4.} 37. f6 (37. dxc5 Bxe5) 37... Re6 {...cxd4 is the strong threat.} 38. f7+ Kf8 39. g6 hxg6 (39... h6 $15 40. Rc3 Bxe5 41. dxe5 Rxg6) 40. Rh3 $1 {[%cal Rh3h8] Intending Rh8+ and mate.} Bxe5 41. Rh8+ Kxf7 42. Rxc8 cxd4 43. Bxd4 Bc4 (43... Be2 {keeps more tension.} 44. Bc5 g5 45. Rxd5 Bxg4 46. Bd4 Bh2+) 44. Bxe5 Rxe5 {[%mdl 4096] Endgame KRR-KRB} 45. Ra8 Bb5 46. Ra5 Bc6 (46... Bc4 $1 $11) 47. Rf1+ (47. Rc5 $16 Re6 48. Rdc1) 47... Ke7 $14 48. Rc1 {[%mdl 1024] White has compensation.} Bd7 49. Rc7 (49. Ra7 $16 d4 50. Kf2) 49... Kd6 $11 50. Raa7 Bb5 51. Rcb7 Bc6 (51... d4 $5 {[%cal Rd4d3]} 52. Rb8 d3 53. Rd8+ Kc5 54. Rc7+ Kb4 $15) 52. Rxg7 Rg5 53. Kf2 Rxg4 54. Kf3 Rg1 55. Kf2 Rg5 56. Raf7 Ke5 57. Re7+ Kd4 58. Re6 Rf5+ 59. Ke1 Bb5 60. Rgxg6 Rf1+ 61. Kd2 Rf2+ 62. Kc1 Bd3 63. Rg4+ Be4 64. Ra6 Rc2+ 65. Kd1 {And now Rxe4+! would win.} Rc4 66. Rg3 Kc5 67. Ra3 Bc2+ 68. Kd2 Bb3 69. Kd3 Rh4 {aiming for ...Bc4+.} 70. Ra5+ Kb4 71. Ra8 Bc4+ 72. Kd2 Rh2+ 73. Kc1 Bb3 74. Rb8+ Kc4 {Threatens to win with ...d4.} 75. Ra8 $2 {[%mdl 8192] [#]} (75. Rc8+ $11 Kd3 76. Rc3+ Ke2 77. Rcxb3 axb3 78. Rxb3) 75... Kd3 $1 $19 {[%cal Rh2h1]} 76. Rxb3+ axb3 {Accuracy: White = 49%, Black = 62%.} 0-1

[Event "Charlotte Open 2020"]
[Site "Charlotte"]
[Date "2020.01.03"]
[Round "3.17"]
[White "Kozelov, Roman"]
[Black "Tsolakidou, Stavroula"]
[Result "0-1"]
[WhiteElo "2120"]
[BlackElo "2403"]
[Annotator "TA"]
[PlyCount "90"]
[EventDate "2020.01.02"]
[EventType "swiss"]
[EventCountry "USA"]
[SourceTitle "playchess.com"]
[Source "ChessBase"]
[SourceQuality "1"]

{[%evp 19,90,-16,-16,-41,-17,-14,-15,-21,0,0,-8,-12,0,0,0,1,23,23,27,26,23,26,27,-81,-84,-161,-158,-164,-176,-230,-226,-229,-231,-299,-300,-333,-333,-433,-366,-422,-425,-601,-561,-558,-538,-527,-533,-518,-513,-749,-750,-1177,-1181,-1203,-1191,-1108,-1074,-1041,-1015,-1167,-890,-12842,-12843,-12843,-12843,-12844,-12844,-12845,-12845,-29992,-29992,-29993,-29994]} 1. e4 c5 2. Nf3 e6 3. g3 Nc6 4. Bg2 Nf6 5. Nc3 Be7 6. O-O d6 7. d4 cxd4 8. Nxd4 O-O 9. Nxc6 bxc6 10. e5 dxe5 11. Bxc6 {B80: Sicilian Scheveningen: 6 g3 and 6 Be3, including English Attack} Rb8 12. Qxd8 Rxd8 13. Rd1 {The position is equal.} (13. Re1 Bd6 14. Rb1 Bb4 15. Be3 Bd7 16. Bg2 a6 17. Bf1 Bb5 18. Nxb5 Bxe1 {1-0 (33) Rozentalis,E (2518)-Georgakopoulos,N (2346) Heraklion 2018}) 13... Ba6 (13... Bd7 {with more complications.} 14. Bxd7 Nxd7 15. Kg2 f5 16. Na4 Nc5) 14. Rxd8+ Bxd8 15. Bg2 h5 $146 ({Predecessor:} 15... Ba5 16. Nd1 Be2 17. Ne3 Rd8 18. Bf1 Bf3 {0-1 (44) Nemcova,K (2117)-Muzychuk,A (2383) Heraklio 2004}) 16. Ne4 Nd5 17. b3 f5 18. Nc5 Bc8 19. c4 Nb4 20. Bb2 e4 21. a3 (21. Be5 $11 Rb6 22. f3) 21... Nd3 $17 {[%mdl 64] Overworked Piece} 22. Nxd3 (22. Rd1 $17 {might work better.} Be7 23. Nxd3 Rxb3 {[%mdl 64] Double Attack} 24. Bf1) 22... Rxb3 $19 (22... exd3 23. b4 $16) 23. Bd4 {Black must now prevent Ne5.} exd3 ({Don't take} 23... Rxd3 24. Bxa7 Bf6 25. Rb1 $17) 24. Bxa7 (24. Be3 $142) 24... Bf6 25. Rd1 {[#]} Ba6 $1 ({Don't play} 25... Rxa3 26. Bc5 $17) 26. f4 Rxa3 ({Don't do} 26... Bxc4 27. a4 $17) 27. Be3 Bxc4 28. Bf1 h4 29. Kf2 Kf7 30. Rd2 {[#]} (30. Kg1 $142) 30... h3 $1 31. Bc5 (31. Bxh3 Bc3) 31... Ra1 32. Bxd3 Bxd3 33. Rxd3 {[%mdl 4096] Endgame KRB-KRB} Rh1 34. Kf3 Rxh2 35. Rd7+ Kg6 36. Rd1 Rc2 37. Be3 Rc3 38. Kf2 Kh5 39. Kf3 Be7 40. Rd7 Bc5 41. Rxg7 Rxe3+ 42. Kf2 Ra3+ 43. Ke2 h2 {( -> ...Kh6)} 44. Rg5+ Kh6 45. Rg8 Kh7 {Accuracy: White = 32%, Black = 81%.} 0-1

[Event "Charlotte Open 2020"]
[Site "Charlotte"]
[Date "2020.01.03"]
[Round "3.18"]
[White "Ynojosa Aponte, Felix Jose"]
[Black "Xu, Grant"]
[Result "1-0"]
[WhiteElo "2403"]
[BlackElo "2228"]
[Annotator "TA"]
[PlyCount "59"]
[EventDate "2020.01.02"]
[EventType "swiss"]
[EventCountry "USA"]
[SourceTitle "playchess.com"]
[Source "ChessBase"]
[SourceQuality "1"]

{[%evp 9,69,-5,23,-13,2,-15,-10,-13,-6,-16,-6,-29,-29,-65,-59,-93,-93,-94,-92,-104,-98,-108,-24,-33,-32,-18,-18,-44,147,145,148,159,147,164,154,162,163,136,358,429,757,565,775,483,29983,29984,29984,29985,29985,29986,29986,29987,5622,796,800,795,836,824,809,776,792,775]} 1. c4 e5 2. Nc3 Bb4 3. e3 Bxc3 4. bxc3 d6 5. d4 Nc6 6. Ne2 $146 {A21: English Opening: 1...e5 2 Nc3} ({Predecessor:} 6. Bd3 Nf6 7. Ne2 e4 8. Bc2 O-O 9. Ng3 Re8 10. O-O Na5 11. f3 exf3 12. Qxf3 {1-0 (43) Moskalenko,V (2520)-Peek,M (2405) Barcelona 2003}) 6... Nge7 7. Ng3 O-O 8. Be2 {The position is equal.} f5 9. O-O b6 10. f4 e4 $1 11. d5 Na5 12. c5 dxc5 13. c4 Ba6 14. Qc2 c6 15. dxc6 Naxc6 (15... Nexc6 $17 {...Nb4 is the strong threat.} 16. Ba3 Nb4 17. Bxb4 cxb4) 16. Bb2 $11 Qc7 17. Nh5 Rf7 18. Qc3 {[%cal Rh5g7]} Rd8 $2 (18... Ng6 $1 $15 {stays ahead.}) 19. Nxg7 $16 Nd4 20. exd4 cxd4 21. Qa3 {And now Ne6 would win.} Rxg7 22. Qxa6 Ng6 23. c5 d3 $2 (23... bxc5 $16 {was necessary.} 24. Bc4+ Kh8) 24. Bd1 $18 Nxf4 (24... Qxc5+ $142 25. Kh1 Qe7 26. Bb3+ Rf7) 25. Bb3+ Kf8 26. Rxf4 Rxg2+ (26... Qxf4 $18 27. Rf1 (27. cxb6 Rxg2+ 28. Kxg2 Qg4+ 29. Kh1 Qf3+ 30. Kg1 Qg4+ 31. Kh1 Qf3+ 32. Kg1 Qe3+ 33. Kh1 Qf3+ $11) 27... Qg5 28. Bxg7+ Kxg7 29. Qxa7+ Kh8 30. cxb6 (30. Qxb6 e3 $18) 30... Qe3+ 31. Kh1 Qc5) 27. Kxg2 Qxf4 {[#]} 28. Rf1 $1 Qg4+ {[#]} 29. Kh1 $1 Qh3 {[#]} 30. Rf2 {Played: Rf1-f4} 1-0

[Event "Charlotte Open 2020"]
[Site "Charlotte"]
[Date "2020.01.03"]
[Round "3.19"]
[White "Vigorito, David"]
[Black "Narayanan, Samrug"]
[Result "1-0"]
[WhiteElo "2368"]
[BlackElo "2248"]
[Annotator "TA"]
[PlyCount "73"]
[EventDate "2020.01.02"]
[EventType "swiss"]
[EventCountry "USA"]
[SourceTitle "playchess.com"]
[Source "ChessBase"]
[SourceQuality "1"]

{[%evp 15,137,11,14,22,13,4,13,7,49,34,105,92,95,95,106,108,106,100,100,102,100,98,98,98,98,98,98,95,97,83,98,101,117,119,194,194,177,186,194,181,212,147,212,154,212,164,282,141,329,277,392,388,383,389,599,586,777,677,972,1004,993,959,931,895,1041,999,925,520,587,587,867,861,743,406,549,387,618,613,689,689,702,606,584,578,598,575,689,606,558,535,868,689,1029,479,867,689,649,500,989,989,989,988,895,979,886,604,861,613,595,589,1674,1781,1835,1401,2082,1258,29984,29985,29979,2429,29993,29994,29994,29995]} 1. d4 d5 2. c4 e6 3. Nf3 Nf6 4. g3 Bb4+ 5. Bd2 Be7 6. Bg2 O-O 7. O-O c6 8. Qc2 b6 {[%cal Bb7b6,Bb6b5][%mdl 32]} 9. Rd1 {E11: Bogo-Indian} Ba6 10. Ne5 Qc8 11. Nc3 {The position is equal.} b5 $146 ({Predecessor:} 11... Nbd7 12. Rac1 Nxe5 13. dxe5 Nd7 14. cxd5 cxd5 15. Bf4 g5 16. Bxd5 exd5 17. Nxd5 {1-0 (36) Ponomariov,R (2734)-Kramnik,V (2790) Dortmund 2010}) 12. c5 Bb7 ({Black should play} 12... b4 $14) 13. b4 $16 Nbd7 14. Nd3 Bd8 15. a4 a6 16. Bf4 Bc7 17. Bxc7 Qxc7 18. f4 Ng4 {With the idea ...Ne3.} 19. Qd2 f5 20. e3 Ngf6 21. Ne2 Rfb8 22. Ra2 Nf8 23. Rda1 Ng6 24. Ne5 Nxe5 (24... Nh8 $16 25. Nc1 Nf7) 25. dxe5 $18 ({Resist} 25. fxe5 $6 Ne4 $16) 25... Ne8 26. Nd4 Qc8 27. Bf1 Nc7 28. Bd3 g6 (28... bxa4 $16 29. Rxa4 Nb5) 29. Kh1 Kh8 (29... bxa4 $16 {was worth a try.} 30. Rxa4 Nb5) 30. g4 Qd7 (30... bxa4 $142 31. Rxa4 Qf8) 31. Qc3 (31. a5 $1 $18) 31... Qg7 $2 (31... bxa4 $16 32. Rxa4 Qe7) 32. Rg2 fxg4 (32... Qd7 $142 33. a5 Rg8) 33. a5 Rg8 34. Rxg4 Qd7 (34... Bc8 {is a better defense.} 35. Nxc6 Bb7) 35. Rag1 Rg7 36. Qe1 Rag8 37. Rh4 {Played: Qe1-h4} 1-0

[Event "Charlotte Open 2020"]
[Site "Charlotte"]
[Date "2020.01.03"]
[Round "3.20"]
[White "Talukdar, Rohan"]
[Black "Chen, Benjamin"]
[Result "1-0"]
[WhiteElo "2343"]
[BlackElo "2046"]
[Annotator "TA"]
[PlyCount "73"]
[EventDate "2020.01.02"]
[EventType "swiss"]
[EventCountry "USA"]
[SourceTitle "playchess.com"]
[Source "ChessBase"]
[SourceQuality "1"]

{[%evp 13,72,48,60,40,37,38,29,36,68,45,44,51,82,38,55,41,74,74,71,53,97,91,117,108,137,133,198,163,202,206,200,202,243,234,236,239,368,368,344,358,331,91,370,389,375,372,359,386,341,368,419,412,602,604,757,752,1272,1260,1265,1265,29999]} 1. e4 g6 2. d4 Bg7 3. Nc3 c6 4. Nf3 d5 5. h3 Nh6 6. Bd3 O-O 7. O-O f6 8. exd5 {B15: Caro-Kann: 3 Nc3: 3...g6 and 3...dxe4 4 Nxe4 Nf6 5 Nxf6+ exf6} cxd5 9. Ne2 Nc6 10. c4 {White has an edge.} Nf7 11. Nc3 dxc4 12. Bxc4 Kh8 $146 ({Predecessor:} 12... Na5 13. Be2 Bd7 14. d5 e5 {1-0 (84) Quparadze,G (2493)-Paichadze,L (2580) Tbilisi 2019}) 13. d5 Nce5 14. Nxe5 Nxe5 15. Bb3 Bf5 16. Bf4 Nd3 17. Be3 Qc8 18. Qe2 {And now g4 would win.} Ne5 {and if ...Bd3 works, Black does fine.} 19. Rad1 a6 (19... Bd7 $16 20. Rc1 Qd8) 20. Na4 Qd8 21. Nb6 {Strongly threatening f4.} Rb8 22. Rfe1 Qd6 23. f4 Nd7 24. Nc4 Qc7 (24... Qb4 $142 25. Bd4 b5) 25. d6 $18 exd6 26. Nxd6 Nc5 27. Nf7+ $2 {[#]} (27. Bxc5 $18 {and White stays clearly on top.} Qxc5+ 28. Kh1) 27... Kg8 $2 {[%mdl 8192]} (27... Rxf7 $16 28. Bxf7 Nd3) 28. Rc1 b6 29. Nd6+ Kh8 30. Bxc5 bxc5 31. Qe7 ({Worse is} 31. Qxa6 Rb6 $11) 31... Qb6 32. Kh1 Ra8 (32... Qc6 $142 33. Nxf5 gxf5 34. Rxc5 Qe8) 33. Nf7+ Kg8 34. Ng5+ Kh8 {[#]} 35. Qxg7+ $1 {[%mdl 576] Clearance} Kxg7 36. Re7+ Kh8 37. Rxh7# {Accuracy: White = 67%, Black = 21%.} 1-0

[Event "Charlotte Open 2020"]
[Site "Charlotte"]
[Date "2020.01.03"]
[Round "4.1"]
[White "Lenderman, Aleksandr"]
[Black "Jacobson, Brandon"]
[Result "1-0"]
[WhiteElo "2638"]
[BlackElo "2472"]
[Annotator "TA"]
[PlyCount "87"]
[EventDate "2020.01.02"]
[EventType "swiss"]
[EventCountry "USA"]
[SourceTitle "playchess.com"]
[Source "ChessBase"]
[SourceQuality "1"]

{[%evp 12,87,25,9,35,40,37,28,40,20,25,13,17,0,0,0,-4,-16,-10,-43,0,0,0,0,45,67,156,149,143,139,245,238,281,295,271,290,276,296,302,263,249,196,200,186,237,237,248,248,250,248,288,234,272,273,334,318,568,539,533,509,580,580,569,571,564,553,556,541,1041,1022,1011,986,903,702,942,913,806,795]} 1. Nf3 Nf6 2. c4 b6 3. g3 Bb7 4. Bg2 g6 5. d4 Bg7 6. O-O O-O 7. d5 Na6 {A50: Queen's Fianchetto Defence (1 d4 Nf6 2 c4 b6)} 8. Nc3 Nc5 9. Nd4 e5 {White has an edge.} (9... a5 10. e4 e5 11. Nc2 d6 12. b3 Bc8 13. Rb1 Bd7 14. a3 a4 15. b4 {0-1 (38) Vidit,S (2707)-Rapport,R (2736) Hengshui 2019}) 10. Nc2 a5 11. b3 Ne8 12. Be3 $146 ({Predecessor:} 12. e4) 12... f5 13. Qd2 f4 14. Bxc5 bxc5 15. d6 e4 16. dxc7 Nxc7 17. Rad1 d5 18. cxd5 {Black must now prevent d6.} e3 (18... f3 $14 19. exf3 exf3) 19. fxe3 $16 fxg3 20. hxg3 Be5 (20... Rxf1+ $16 21. Rxf1 Qg5) 21. Rf4 $18 g5 22. Rxf8+ Qxf8 23. Rf1 Qh6 24. Ne4 Rd8 25. Rf5 Rxd5 {[#]} 26. Nf6+ $1 {[%mdl 512]} Bxf6 27. Bxd5+ ({Don't take} 27. Rxd5 $6 Bxd5 28. Bxd5+ Kg7 $16) 27... Bxd5 (27... Nxd5 $142 28. Rxd5 Qg6) 28. Rxd5 Nxd5 29. Qxd5+ {[%mdl 64] Double Attack} Kg7 30. Qxc5 Qg6 31. Kf2 Qe4 32. Nd4 Kg6 33. Qc4 ({Less strong is} 33. Qxa5 Bxd4 34. exd4 Qxd4+ 35. Kf3 g4+ 36. Kg2 Qe4+ 37. Kf2 Qd4+ 38. Kf1 h5 $18) 33... Qb7 $2 (33... h5 {was called for.} 34. a3 h4) 34. Qc2+ {White is clearly winning.} Kg7 35. Nf5+ Kg8 36. Qc4+ Kf8 37. Qc5+ Kg8 38. Qxa5 Qh1 39. Qb5 {[%cal Rb5e8]} Kf7 40. Qb7+ {[%mdl 64] [#] Decoy} Qxb7 41. Nd6+ {[%mdl 64] Double Attack} Ke6 42. Nxb7 Kd5 43. g4 Bc3 44. Kf3 {Accuracy: White = 74%, Black = 42%.} 1-0

[Event "Charlotte Open 2020"]
[Site "Charlotte"]
[Date "2020.01.03"]
[Round "4.2"]
[White "Chandra, Akshat"]
[Black "Korley, Kassa"]
[Result "1-0"]
[WhiteElo "2524"]
[BlackElo "2432"]
[Annotator "TA"]
[PlyCount "91"]
[EventDate "2020.01.02"]
[EventType "swiss"]
[EventCountry "USA"]
[SourceTitle "playchess.com"]
[Source "ChessBase"]
[SourceQuality "1"]

{[%evp 23,91,35,45,27,49,43,62,34,56,50,107,107,90,79,86,69,128,99,91,85,111,108,118,120,115,86,181,156,315,312,299,312,501,449,507,500,499,495,476,457,556,555,555,553,545,538,525,525,841,776,1149,960,965,962,624,624,606,554,1093,1043,1160,1149,940,726,1545,1498,5664,5631,12840,5322]} 1. d4 Nf6 2. c4 g6 3. g3 Bg7 4. Bg2 O-O 5. Nc3 d6 6. Nf3 Nbd7 7. O-O e5 8. b3 Re8 9. e4 exd4 10. Nxd4 Nc5 11. f3 c6 12. Be3 a5 13. Qd2 {E68: King's Indian: Fianchetto: 6...Nbd7 7 0-0 e5 8 e4} (13. Qc2 Qe7 14. Rad1 Nfd7 15. Rfe1 Nb6 16. Bf1 Nbd7 17. h3 Na6 18. Bg2 Ndc5 19. a3 Bd7 20. Kh2 Nc7 {1-0 (74) Van Oosterom,J (2779)-Soberano,J (2607) ICCF email 2006}) 13... Nfd7 14. Rad1 Qe7 $146 ({Predecessor:} 14... Ne5 15. Nde2 Ned3 16. Kh1 Be6 17. Nd4 Qe7 18. Bg1 a4 19. f4 axb3 20. axb3 Ra3 {0-1 (57) Zhao,X (2505)-Martinez,A (2234) Teheran 2017}) 15. Nde2 {White is slightly better.} Bf8 16. h3 Ne5 (16... Nb6 $14) 17. Bxc5 $16 dxc5 18. f4 Nd7 19. e5 f5 ({Black should play} 19... f6 $14) 20. g4 Nb6 21. gxf5 Bxf5 {[#]} 22. Ng3 $1 Be6 23. Nce4 {Strongly threatening Nd6.} Red8 24. Qf2 Kh8 (24... Rxd1 $16 {was necessary.} 25. Rxd1 a4) 25. Nd6 Nc8 $2 (25... a4 $16 26. Nge4 (26. Qxc5 Nc8 $16) 26... Nd7) 26. f5 $18 ({Inferior is} 26. Qxc5 Nxd6 27. exd6 Rxd6 $11) 26... Bg8 {[%cal Rc8d6]} 27. f6 ({Not} 27. Qxc5 Nxd6 28. f6 (28. Rxd6 Rxd6 29. Qxd6 Qxd6 $11) 28... Qc7 $11) 27... Qxe5 $2 {[#]} (27... Qc7 28. Nge4 Nxd6) 28. Nf7+ $1 {[%mdl 576] Discovered Attack. White is clearly winning.} Bxf7 29. Rxd8 Nb6 30. Rfd1 Kg8 31. Ne4 Rxd8 32. Rxd8 Qc7 33. Qd2 Nd5 34. Rxf8+ Kxf8 35. cxd5 cxd5 36. Ng5 {Qe3 would kill now.} Qg3 37. Nxf7 Kxf7 38. Qxd5+ {[%mdl 64] Double Attack} Kxf6 39. Qf3+ Qxf3 40. Bxf3 {[%mdl 4096] Endgame KB-KP} b5 41. Kf2 Kg5 42. Bc6 Kh4 43. Kg2 b4 44. Bd7 h5 45. Kf3 g5 46. Ke4 {Accuracy: White = 68%, Black = 31%.} (46. Be6 $142 g4+ 47. hxg4) 1-0

[Event "Charlotte Open 2020"]
[Site "Charlotte"]
[Date "2020.01.03"]
[Round "4.3"]
[White "Bajarani, Ulvi"]
[Black "Peng, Shunkai"]
[Result "1-0"]
[WhiteElo "2468"]
[BlackElo "2315"]
[Annotator "RC"]
[PlyCount "101"]
[EventDate "2020.01.02"]
[EventType "swiss"]
[EventCountry "USA"]
[SourceTitle "playchess.com"]
[Source "ChessBase"]
[SourceQuality "1"]
[TimeControl "6000+30"]

1. d4 {[%emt 0:00:00]} Nf6 {[%emt 0:03:07]} 2. c4 {[%emt 0:00:00]} e6 {[%emt 0:00:47]} 3. Nf3 {[%emt 0:00:00]} d5 {[%emt 0:00:54]} 4. g3 {[%emt 0:00:00]} Be7 {[%emt 0:00:53]} 5. Bg2 {[%emt 0:00:00]} O-O {[%emt 0:00:56]} 6. Nc3 {[%emt 0:00:03]} c6 {[%emt 0:05:27]} 7. O-O {[%emt 0:00:12]} b6 {[%emt 0:01:31]} 8. Bf4 {[%emt 0:02:51]} Nh5 {[%emt 0:09:09]} 9. Bd2 {[%emt 0:05:33]} Nf6 {[%emt 0:02:57]} 10. Bf4 {[%emt 0:01:01]} Nh5 {[%emt 0:03:40]} 11. Be3 {[%emt 0:00:24]} Nf6 {[%emt 0:05:41]} 12. Ne5 {[%emt 0:00:12]} Bb7 {[%emt 0:00:42]} 13. Rc1 {[%emt 0:06:25]} Nbd7 {[%emt 0:02:30]} 14. cxd5 {[%emt 0:05:06]} Nxe5 {[%emt 0:03:01]} 15. dxe5 {[%emt 0:00:25]} Nxd5 {[%emt 0:00:16]} 16. Nxd5 {[%emt 0:00:32]} cxd5 {[%emt 0:00:44]} 17. Qa4 {[%emt 0:02:36]} Qe8 {[%emt 0:06:27]} 18. Qxe8 {[%emt 0:00:44]} Rfxe8 {[%emt 0:00:25]} 19. Rc7 {[%emt 0:02:55]} Ba6 {[%emt 0:04:16]} 20. Bf3 {[%emt 0:00:17]} Kf8 {[%emt 0:01:07]} 21. Rfc1 {[%emt 0:03:49]} Rec8 {[%emt 0:00:32]} 22. h4 {[%emt 0:02:29]} Bd8 {[%emt 0:02:55]} 23. R7c3 {[%emt 0:00:54]} Rxc3 {[%emt 0:01:54]} 24. Rxc3 {[%emt 0:00:07]} Bb7 {[%emt 0:00:13]} 25. Bd4 {[%emt 0:04:26]} Ke8 {[%emt 0:02:14]} 26. h5 {[%emt 0:01:29]} Kd7 {[%emt 0:04:40]} 27. e3 {[%emt 0:00:12]} a5 {[%emt 0:15:43]} 28. Bd1 {[%emt 0:01:50]} b5 {[%emt 0:05:38]} 29. Be2 {[%emt 0:03:03]} Ba6 {[%emt 0:00:40]} 30. Rc5 {[%emt 0:06:18]} b4 {[%emt 0:02:23]} 31. Bd1 {[%emt 0:00:16]} Bb6 {[%emt 0:03:32]} 32. Ba4+ {[%emt 0:00:29]} Kd8 {[%emt 0:00:11]} 33. Rc6 {[%emt 0:07:38]} Bxd4 {[%emt 0:01:22]} 34. exd4 {[%emt 0:00:08]} Bc8 {[%emt 0:00:10]} 35. f4 {[%emt 0:01:08]} Ra6 {[%emt 0:00:48]} 36. Rc5 {[%emt 0:01:46]} Bd7 {[%emt 0:01:47]} 37. Bxd7 {[%emt 0:02:35]} Kxd7 {[%emt 0:00:01]} 38. Kf2 {[%emt 0:00:18]} Rc6 {[%emt 0:02:58]} 39. Rxc6 {[%emt 0:00:13]} Kxc6 {[%emt 0:00:01]} 40. g4 {[%emt 0:00:28]} Kb5 {[%emt 0:08:46]} 41. b3 {[%emt 0:00:15]} Kc6 {[%emt 0:00:12]} 42. Kg3 {[%emt 0:00:38]} Kd7 {[%emt 0:00:22]} 43. Kh4 {[%emt 0:00:11]} h6 {[%emt 0:06:19]} 44. g5 {[%emt 0:00:19]} Ke7 {[%emt 0:01:14]} 45. Kg4 {[%emt 0:00:07]} Kf8 {[%emt 0:01:03]} 46. f5 {[%emt 0:00:27]} Kg8 {[%emt 0:01:47]} 47. Kf4 {[%emt 0:01:12]} hxg5+ {[%emt 0:00:43]} 48. Kxg5 {[%emt 0:00:16]} Kh7 {[%emt 0:00:43]} 49. f6 {[%emt 0:00:19]} Kg8 {[%emt 0:00:37]} 50. fxg7 {[%emt 0:00:09]} Kxg7 {[%emt 0:00:21]} 51. h6+ {[%emt 0:00:05]} 1-0